Szczegóły MARC21

Dokumentacja zasad (polityki) rachunkowości w jednostkach budżetowych i samorządowych zakładach budżetowych : wzorzec zarządzenia /

003 -Nazwa inst., której nr kontr. jest w polu 001 [,]
    • @
    • Nazwa instytucji, której n kontrolny jest w polu 001
    • NUKAT
005 -DATA I CZAS OSTATNIEJ MODYFIKACJI [,]
    • @
    • pole kontrolne
    • 20241231111759.0
020 -Międzynarod. znormalizowany nr książki - ISBN [ , ]
    • a
    • Numer ISBN
    • 9788378040699 Find
040 -Instytucja sporządzająca opis [ , ]
    • a
    • Instytucja, która sporządziła opis (NP)
    • GD U/AEK
    • c
    • Instytucja, która sporządziła rekord (NP)
    • GD U/AEKs
    • d
    • Instytucja, która zmodyfikowała rekord (P)
    • KR 7/AK
942 -Rodzaj dokumentu [ , ]
    • c
    • Rodzaj dokumentu
    • Książka
100 -Hasło główne - nazwa osobowa [1, ]
    • a
    • Nazwa osobowa (NP)
    • Zysnarska, Anna.
    • 9
    • KHW
    • 14639
245 -Strefa tytułu i oznaczenia odpowiedzialności [1,0]
    • a
    • Tytuł
    • Dokumentacja zasad (polityki) rachunkowości w jednostkach budżetowych i samorządowych zakładach budżetowych : Find
    • b
    • Ciąg dalszy tytułu (NP)
    • wzorzec zarządzenia / Find
    • c
    • Pozostałe elementy strefy tytułu i oznaczenia odpowiedzialności (NP)
    • Anna Zysnarska.
250 -Strefa wydania [ , ]
    • a
    • Oznaczenie wydania (NP)
    • Wyd. 7 uaktual., stan prawny: kwiecień 2012.
260 -Strefa adresu wydawniczego [ , ]
    • a
    • Miejsce wydania (P)
    • Gdańsk :
    • b
    • Nazwa wydawcy (P)
    • Ośrodek Doradztwa i Doskonalenia Kadr,
    • c
    • Data wydania (P)
    • 2012.
300 -Strefa opisu fizycznego [ , ]
    • a
    • Określenie formy książki i/lub objętość (NP)
    • 123 s. ;
    • c
    • Format (NP)
    • 24 cm +
    • e
    • Oznaczenie dokumentu towarzyszącego (NP)
    • płyta CD (e-Suplement ).
336 -Typ zawartości [ , ]
    • a
    • Termin opisujący typ zawartości
    • Tekst
    • b
    • Kod określający zawartość
    • txt
    • 2
    • Źródło (terminu i kodu)
    • rdacontent
337 -Typ mediów [ , ]
    • a
    • Tryb odtwarzania
    • Bez urządzenia pośredniczącego
    • b
    • Kod typu mediów
    • n
    • 2
    • Źródło (terminu i kodu)
    • rdamedia
338 -Typ/rodzaj nośnika [ , ]
    • a
    • Hasło opisujące typ nośnika
    • Wolumin
    • b
    • Kod typu nośnika
    • nc
    • 2
    • Źródło (terminu i kodu)
    • rdacarrier
500 -Uwaga ogólna [ , ]
    • a
    • Uwaga ogólna (NP)
    • Na okł.: książka z suplementem elektronicznym.
080 -Uniwersalna Klasyfikacja Dziesiętna [ , ]
    • 2
    • Identyfikator wydania tablic
    • UDC-P058
    • 9
    • UKD
    • 3515
    • a
    • Symbol klasyfikacji
    • 346.6
    • b
    • Dopowiedzenie
    • Przepisy dotyczące cen, ceł, finansów, kredytów i rachunków.
080 -Uniwersalna Klasyfikacja Dziesiętna [ , ]
    • 2
    • Identyfikator wydania tablic
    • UDC-P058
    • 9
    • UKD
    • 3507
    • a
    • Symbol klasyfikacji
    • 346.24
    • b
    • Dopowiedzenie
    • Przedsiębiorstwa państwowe. Tworzenie przedsiębiorstw państwowych przez nacjonalizację lub uspołecznienie. Monopole pań- stwowe. Holdingi państwowe. Spółki finansowe
080 -Uniwersalna Klasyfikacja Dziesiętna [ , ]
    • 2
    • Identyfikator wydania tablic
    • UDC-P058
    • 9
    • UKD
    • 5585
    • a
    • Symbol klasyfikacji
    • 657.3
    • b
    • Dopowiedzenie
    • Budżety. Preliminarze. Bilanse. Księgi rachunkowe.
080 -Uniwersalna Klasyfikacja Dziesiętna [ , ]
    • 2
    • Identyfikator wydania tablic
    • UDC-P058
    • 9
    • UKD
    • 5584
    • a
    • Symbol klasyfikacji
    • 657.2
    • b
    • Dopowiedzenie
    • Konto. Prowadzenie kont. Księgowanie. Dowody księgowe.
650 -Hasło przedmiotowe [ ,7]
    • a
    • Hasło przedmiotowe
    • Rachunkowość
    • z
    • Określnik geograficzny
    • Polska
    • v
    • Określnik formalny
    • formularze.
    • 2
    • Źródło terminu
    • kaba
    • 9
    • KHW
    • 365567
650 -Hasło przedmiotowe [ ,7]
    • a
    • Hasło przedmiotowe
    • Finanse publiczne
    • z
    • Określnik geograficzny
    • Polska
    • x
    • Określnik rzeczowy
    • rachunkowość
    • v
    • Określnik formalny
    • poradniki.
    • 2
    • Źródło terminu
    • kaba
    • 9
    • KHW
    • 350157
980 -Symbol UKD [ , ]
    • a
    • UKD
    • 346.6:346.24:657.3:657.2
920 -ISBN [ , ]
    • a
    • ISBN
    • 978-83-7804-069-9 Find
Sygnatura Numer inwentarzowy Status udost. Lokalizacja Data inwentaryzacji
T.13106T.13106-2T2013-10-28